Statystyki dla TOP 20 Największych Miast USA #1

Kliknij tutaj aby rozwiązać quiz!

Ogólne statystyki

  • Ten quiz został rozwiązany 88 razy
  • Średni wynik to 6 z 20

Statystyki odpowiedzi

StanLudnośćMiasto% Poprawnych
Nowy Jork10 250 567Nowy Jork
99%
Kalifornia3 849 378Los Angeles
94%
Kalifornia744 041San Francisco
71%
Nevada552 539Las Vegas
61%
Kalifornia1 256 951San Diego
60%
Teksas1 296 682San Antonio
46%
Oklahoma537 734Oklahoma City
35%
Kalifornia929 936San José
35%
Teksas609 415El Paso
21%
Missouri447 306Kansas City
19%
Teksas653 320Fort Worth
18%
Missouri353 837St. Louis
15%
Minnesota273 535St. Paul
10%
Kolorado372 437Colorado Springs
9%
New Jersey241 789Jersey City
9%
Wirginia435 619Virginia Beach
9%
Teksas285 267Corpus Christi
5%
Kalifornia472 494Long Beach
5%
Kalifornia340 024Santa Ana
4%
Indiana248 637Fort Wayne
3%

Rozkład punktacji

Percentyl według liczby udzielonych odpowiedzi

Procent ludzi z każdym wynikiem

Twoja historia wyników

Nie rozwiązałeś tego quizu